Einige Wiener Papyri : P. Vindob : Sijpesteijn.

محفوظ في:

مؤلفون آخرون: Sijpesteijn, Pieter Johannes.

التنسيق: كتاب

اللغة: German

الموضوعات:

الوسوم: إضافة وسم

لا توجد وسوم, كن أول من يضع وسما على هذه التسجيلة!

رقم الطلب: PA3301 .P2 v.11A

LEADER 00506nam a22001817a 4500
003 OSt
005 20250922070408.0
008 250922s1961 ne 000 0 ger d
040 |c ARCE Library 
050 1 4 |a PA3301   |b .P2 v.11A 
245 0 0 |a Einige Wiener Papyri :   |b P. Vindob : Sijpesteijn. 
264 |a Leiden :   |b E. J. Brill,   |c 1961. 
300 |a 84 p. ;   |c 28 cm. 
650 0 |a Manuscripts, Greek (Papyri). 
700 1 |a Sijpesteijn, Pieter Johannes.  
901 |a reviewed 
942 |2 lcc  |c BK 
999 |c 49457  |d 49457